|
|
|
|
| LEADER |
00000nab#a22000007a#4500 |
| 001 |
arbauad030112 |
| 003 |
AR-BaUAD |
| 005 |
20250711112448.0 |
| 008 |
980224|||||||||###||||||b###|0###a|spa|| |
| 040 |
|
|
|a AR-BaUAD
|c AR-BaUAD
|b spa
|
| 100 |
|
|
|a Schreiber, Dominic
|
| 245 |
|
|
|a Show your ID! the names behind the titles /
|c Dominic Schreiber;
|
| 300 |
0 |
|
|b fot., il.
|
| 500 |
|
|
|a Artículo sobre el diseño grafico en televisión: realización de presentaciones, titulos, separadores, etc.
|
| 653 |
|
|
|a ANIMACION
|
| 653 |
|
|
|a DISEÑO GRAFICO
|
| 653 |
|
|
|a TELEVISION
|
| 653 |
|
|
|a TITULOS
|
| 653 |
|
|
|a SEPARADORES
|
| 653 |
|
|
|a IDENTIFICACION VISUAL
|
| 653 |
|
|
|a IMAGEN INSTITUCIONAL
|
| 653 |
|
|
|a ESTUDIOS PROFESIONALES
|
| 653 |
|
|
|a BROADWAY VIDEO DESIGN
|
| 653 |
|
|
|a DIVISION 6
|
| 653 |
|
|
|a FLIP YOUR LID
|
| 653 |
|
|
|a LOCOTE GOLDMAN
|
| 653 |
|
|
|a FUEL
|
| 653 |
|
|
|a NATIONAL VIDEO CENTER
|
| 653 |
|
|
|a NOVOCOM
|
| 653 |
|
|
|a NATIONAL MINISTRY OF DESIGN
|
| 653 |
|
|
|a MAGNET PICTURES
|
| 653 |
|
|
|a PITTARD SULLIVAN
|
| 653 |
|
|
|a POP DESIGN
|
| 653 |
|
|
|a REZ.N8 PRODUCTIONS, INC.
|
| 653 |
|
|
|a TELEZIGN DESIGN
|
| 653 |
|
|
|a THREE RING CIRCUS
|
| 653 |
|
|
|a TOPIX
|
| 653 |
|
|
|a SPIN PRODUCTIONS
|
| 653 |
|
|
|a SAN FRANCISCO PRODUCTION GROUP
|
| 653 |
|
|
|a TV ART
|
| 653 |
|
|
|a VIEWPOINT STUDIOS
|
| 653 |
|
|
|a CANALES DE TELEVISION
|
| 773 |
0 |
|
|t ANIMATION MAGAZINE
|g no. 62 [dic. 1997], p. 20-22
|
| 942 |
|
|
|c ARTI
|
| 952 |
|
|
|0 0
|1 0
|4 0
|7 0
|9 75031
|a AR-BAuAD
|b AR-BAuAD
|d 2025-07-11
|l 0
|p AAQA030112
|r 2025-07-11 11:24:48
|w 2025-07-11
|y ARTI
|
| 990 |
|
|
|a DG199
|b TD
|
| 998 |
|
|
|a AAQ
|b BIBUN76
|
| 999 |
|
|
|c 54704
|d 54704
|